000 00327nam a22001457a 4500
008 210531b ||||| |||| 00| 0 eng d
020 _a9780471589310
041 _aeng
080 _a311
082 _a311
100 _a55
101 _aSTA
245 _aThe Sciences an Integrated Approach
_cJames Trefil
942 _2udc
_cBK
999 _c57876
_d57876